Another Man's Wife/ (Record no. 83125)

MARC details
000 -LEADER
fixed length control field 00652nam a22001937a 4500
005 - DATE AND TIME OF LATEST TRANSACTION
control field 20140321151826.0
010 ## - LCCN (DPL NO)
LC control number B-500320
020 ## - INTERNATIONAL STANDARD BOOK NUMBER
International Standard Book Number 9789350094921
Terms of availability 350.00
035 ## - SYSTEM CONTROL NUMBER
System control number B-500320
037 ## - SOURCE OF ACQUISITION
Stock number dpl
Source of stock number/acquisition Mallika Books/Ven
082 ## - DEWEY DECIMAL CLASSIFICATION NUMBER
Classification number S
100 ## - MAIN ENTRY--PERSONAL NAME
Personal name Bajaj, Manjul
245 ## - TITLE STATEMENT
Title Another Man's Wife/
Statement of responsibility, etc by Manjul Bajaj
260 ## - PUBLICATION, DISTRIBUTION, ETC. (IMPRINT)
Place of publication, distribution, etc Gurgaon
Name of publisher, distributor, etc Hachette Book Publishing
Date of publication, distribution, etc 2012
270 ## - ADDRESS
Address 4th/5th Floors, Corporate Centre, Plot No.94, Sector 44,
City Gurgaon
Postal code 122003 (India)
300 ## - PHYSICAL DESCRIPTION
Extent 284p.
Dimensions 19cm(pbk)
942 ## - ADDED ENTRY ELEMENTS (KOHA)
Source of classification or shelving scheme Dewey Decimal Classification
Item type English Books
Classification part S
Call number suffix BAJ
Holdings
Withdrawn status Lost status Not for loan Collection code Home library Current library Date acquired Source of acquisition Cost, normal purchase price Full call number Barcode Copy number Cost, replacement price Koha item type
      Fiction Sarojini Nagar Sarojini Nagar 21/03/2014 Mallika Books/99/15.03.2013/174/08.03.2013/18.03.2013 350.00 S BAJ B-500320 1 350.00 English Books

© Delhi Public Library
Hit Counter
free hit counter